Thơ Nguyễn Khuyến Tuyển tập thơ chọn lọc
v....v
Đã lưu trong:
| Tác giả chính: | |
|---|---|
| Định dạng: | Sách |
| Năm xuất bản: |
H.
Văn hóa Thông tin
1996
|
| Chủ đề: | |
| Tags: |
Thêm thẻ
Không có thẻ, Hãy là người đầu tiên gắn thẻ bản ghi này!
|
| LEADER | 01591nam a2200217 4500 | ||
|---|---|---|---|
| 082 | |a 895.922132 |b NG527KH | ||
| 100 | |a Nguyễn Khuyến | ||
| 245 | |a Thơ Nguyễn Khuyến |c Nguyễn Khuyến |b Tuyển tập thơ chọn lọc | ||
| 260 | |a H. |b Văn hóa Thông tin |c 1996 | ||
| 300 | |a 144tr. |c 18cm | ||
| 520 | |a v....v | ||
| 653 | |a Văn học hiện đại | ||
| 653 | |a Việt Nam | ||
| 653 | |a Thơ | ||
| 942 | |2 ddc |c STK0 | ||
| 999 | |c 5974 |d 5974 | ||
| 952 | |0 0 |1 0 |2 ddc |4 0 |6 895_922132000000000_NG527KH |7 0 |8 800 |9 54613 |a qbu |b qbu |c D5 |d 2015-01-07 |g 11000 |o 895.922132 NG527KH |p 3373.C1 |r 0000-00-00 |w 2015-01-07 |y STK0 |0 0 |6 895_922132000000000_NG527KH |0 0 |6 895_922132000000000_NG527KH | ||
| 952 | |0 0 |1 0 |2 ddc |4 0 |6 895_922132000000000_NG527KH |7 0 |8 800 |9 54614 |a qbu |b qbu |c D5 |d 2015-01-07 |g 11000 |o 895.922132 NG527KH |p 3373.C2 |r 0000-00-00 |w 2015-01-07 |y STK0 |0 0 |6 895_922132000000000_NG527KH |0 0 |6 895_922132000000000_NG527KH | ||
| 952 | |0 0 |1 0 |2 ddc |4 0 |6 895_922132000000000_NG527KH |7 0 |8 800 |9 54615 |a qbu |b qbu |c D5 |d 2015-01-07 |g 11000 |o 895.922132 NG527KH |p 3373.C3 |r 0000-00-00 |w 2015-01-07 |y STK0 |0 0 |6 895_922132000000000_NG527KH |0 0 |6 895_922132000000000_NG527KH | ||
| 952 | |0 0 |1 0 |2 ddc |4 0 |6 895_922132000000000_NG527KH |7 0 |8 800 |9 54616 |a qbu |b qbu |c D5 |d 2015-01-07 |g 11000 |l 2 |m 1 |o 895.922132 NG527KH |p 3373.C4 |r 2017-01-18 |s 2016-12-29 |w 2015-01-07 |y STK0 |0 0 |6 895_922132000000000_NG527KH |0 0 |6 895_922132000000000_NG527KH | ||
| 952 | |0 0 |1 0 |2 ddc |4 0 |6 895_922132000000000_NG527KH |7 0 |8 800 |9 54617 |a qbu |b qbu |c D5 |d 2015-01-07 |g 11000 |o 895.922132 NG527KH |p 3373.C5 |r 0000-00-00 |w 2015-01-07 |y STK0 |0 0 |6 895_922132000000000_NG527KH |0 0 |6 895_922132000000000_NG527KH | ||